Manual de laboratorio : (Registro nro. 10173)

Detalles MARC
000 -LIDER
fixed length control field 00778nam a22002297a 4500
001 - NÚMERO DE CONTROL
Identificador de número de control 00001544
003 - IDENTIFICACDOR DE NÚMERO DE CONTROL
control field DO-SdBNP
005 - DATE AND TIME OF LATEST TRANSACTION
control field 20180215082903.0
008 - ELEMENTOS DE LONGITUD FIJA
fixed length control field 160518b 2003 dr xxu||||| |||| 00| 0 spa d
040 ## - FUENTE DE CATALOGACIÓN
Agencia que crea de manera original el registro BPMSU
Idioma de catalogación spa
Agencia que realiza la transcripción BPMSU
092 ## - LOCALLY ASSIGNED DEWEY DECIMAL CALL NUMBER
Número de clasificación xxxxx
Número de ítem (Cutter) xxxxx
100 1# - ASIENTO PRINCIPAL -- NOMBRE PERSONAL
Nombre personal Neris, Ruben
110 ## - ASIENTO PRINCIPAL--NOMBRE CORPORATIVO
Unidad subordinada Universidad Autónoma de Santo Domingo.
Mención de responsabilidad Facultad de Ciencias. Departamento de Física
245 10 - MENCIÓN DE TITULO
Título Manual de laboratorio :
Subtítulo física general III /
Mención de responsabilidad Rubén Neris, Roque Bretón, Patricio Alvarez.
260 ## - PUBLICACIÓN, DISTRIBUCIÓN, ETC. (PIE DE IMPRENTA)
Lugar de publicación, distribución, etc Santo Domingo :
Nombre del editor, distribuidor, etc. Universitaria-UASD,
Fecha de publicación, distribución, etc 2003
300 ## - DESCRIPCIÓN FÍSICA
Extensión 156 p. :
Otros detalles físicos il. ;
Dimensiones 27 cm.
700 1# - ASIENTO SECUNDARIO -- NOMBRE PERSONAL
Nombre personal Bretón, Roque
700 1# - ASIENTO SECUNDARIO -- NOMBRE PERSONAL
Nombre personal Álvarez, Patricio
942 ## - ADDED ENTRY ELEMENTS (KOHA)
Source of classification or shelving scheme Dewey Decimal Classification
Koha item type Libros
945 ## - INFORMACIÓN DE PROCESAMIENTO LOCAL
Información de procesamiento local inventariado, 2018 / dg
956 ## - LOCAL ELECTRONIC LOCATION AND ACCESS (OCLC)
Método de acceso LOPEREZ
Materiales especificados 10
Enlace 20160518
Campo enlazado y núm. de secuencia BPMSU
Nombre de host 00041
Existencias
Withdrawn status Lost status Source of classification or shelving scheme Damaged status Not for loan Home library Current library Date acquired Source of acquisition Total Checkouts Barcode Date last seen Copy number Price effective from Koha item type
    Dewey Decimal Classification     Biblioteca Pública Metropolitana Salomé Ureña Biblioteca Pública Metropolitana Salomé Ureña 05/18/2016 Donación   BPMSU16050391 05/18/2016 Ej. 1 05/18/2016 Libros